000 01387nam0a2200337 4500
001 RU\NLR\BIBL_A\012678650
005 20220216141232.0
010 _a978-5-4396-2256-6
_93000
021 _aRU
_bКН-П-21-060458
_9КН-П-21-4716
035 _a(NLR Aleph) 012678650
090 _a12807761
_c12807761
100 _a20211229d2021 k y0rusy50 ca
101 0 _arus
102 _aRU
105 _ay|||z|||000zy
181 0 _ai
_baxxe
182 0 _an
200 1 _aУголовно-процессуальные сроки
_eмонография
_fВ.Ю. Стельмах
203 _aТекст
_bвизуальный
_cнепосредственный
210 _aМосква
_cЮрлитинформ
_d2021
215 _a153, [1] с.
_d21
225 1 _aУголовный процесс
300 _aНа обороте тит. с. авт.: В. Ю. Стельмах - канд. юрид. наук, доц., проф.
320 _aБиблиогр.: с. 144-152 и в подстроч. примеч.
606 1 _aПроцессуальные сроки в уголовном процессе
_yРоссийская Федерация
_92478533
_3RU\NLR\AUTH\661471518
686 1 _aХ629.370.6
700 1 _aСтельмах
_bВ. Ю.
_gВладимир Юрьевич
942 _cBOOK
980 _aNB